Dinastías Históricas de China - Estadísticas

Estadísticas generales
  • Esta prueba ha sido intentada 95 veces
  • La puntuación promedio es 8 de 12
Estadísticas de respuestas
Período Dinastía % Correcto
221-207 a.C. Qin
92%
1368-1644 Ming
90%
1644-1912 Qing
86%
206 a.C.-220 d.C Han
80%
618-907 Tang
73%
960-1279 Song
71%
aprox. 2070-1600 a.C. Xia
66%
1271-1368 Yuan
66%
1046-256 a.C. Zhou
54%
266-420 Jin
47%
aprox. 1600-1046 a.C. Shang
47%
581-618 Sui
47%
No se encontraron pruebas coincidentes
Distribución de puntuación
Porcentaje de gente con cada puntuación
Porcentaje por número respondido
Historial de tus puntuaciones
No has intentado esta prueba.